| 000 | 00347 a2200109 4500 | ||
|---|---|---|---|
| 001 | 68581 | ||
| 040 | _cAnchieta - Itaigara | ||
| 240 | 1 | 0 |
_aDescubra do que os alunos do Anchietinha são capazes _l |
| 245 | 1 | 0 | _aDescubra do que os alunos do Anchietinha são capazes |
| 650 | 4 | _aDocumentários, mídia educacional, jornalismo e publicidade | |
| 942 | _cMX | ||
| 999 |
_c68581 _d68581 |
||